00545cam a22002171 4500001001300000003000400013005001700017008004100034010001700075035001800092040001800110042001200128050002000140100002100160245003600181250001300217260003000230300001800260600003200278999001700310sa 68007819 DLC20260227112526.0720414s1966 xx 000 0 eng  asa 68007819  a(OCoLC)284447 aDLCcOAUdDLC apremarc00aDS644.1.S54bI21 aIbrahim, Thalib.10aKarya dan tjita2 Sutan Sjahrir. aTjet. 1. aDjakarta,bPhotinc[1966] a25 p.c20 cm.10aSjahrir, Sutan,d1909-1966. c82053d82053